00570nam a2200193 a 450000100060000000300090000600800410001502000180005604000280007408200210010210000210012324500700014425000080021426000300022230000100025265000450026265000400030765000290034724086CO-ViMGA141112s2004 ck r 000 u spa d a9789584104090 aCO-ViMGAbspacCO-ViMGA04a332.64 V173e 7ed1 aVarela , Rodrigo10aEvaluacion economica de proyectos de inversion / cRodrigo Varela a7ed aColombia : bMc Graw Hill a488p.14aEVALUACION DE PROYECTOS DE INVERSION 14aINVERSIONES DE CAPITAL - EVALUACION14aPROYECTOS DE DESARROLLO